PROSPECTIVE STUDY OF VARICOSE VEINS TREATMENT BY ENDOVENOUS LASER THERAPHY AND FOAM SCLEROTHERAPHY (Record no. 33193)
[ view plain ]
| 000 -LEADER | |
|---|---|
| fixed length control field | 00381nam a22001457a 4500 |
| 003 - CONTROL NUMBER IDENTIFIER | |
| control field | SGT |
| 082 ## - DEWEY DECIMAL CLASSIFICATION NUMBER | |
| Classification number | 617 |
| Item number | P22S |
| 100 ## - MAIN ENTRY--PERSONAL NAME | |
| Personal name | SINGH, MANVINDER |
| 245 ## - TITLE STATEMENT | |
| Title | PROSPECTIVE STUDY OF VARICOSE VEINS TREATMENT BY ENDOVENOUS LASER THERAPHY AND FOAM SCLEROTHERAPHY |
| 260 ## - PUBLICATION, DISTRIBUTION, ETC. (IMPRINT) | |
| Place of publication, distribution, etc | GURUGRAM |
| Name of publisher, distributor, etc | SGTU |
| Year of Publication | 2022 |
| 300 ## - PAGE DESCRIPTION | |
| No. of Pages | 89 |
| 650 ## - SUBJECT ADDED ENTRY--TOPICAL TERM | |
| Topical term or geographic name as entry element | GENERAL SURGERY |
| 653 ## - KEYWORDS--INDEX TERM | |
| Keyword term | MS |
| 942 ## - ADDED ENTRY ELEMENTS (KOHA) | |
| Source of classification or shelving scheme | Dewey Decimal Classification |
| Koha item type | Thesis/Dissertation |
No items available.